| 000 | 00747nam a22001337a 4500 | ||
|---|---|---|---|
| 040 | _cRUA | ||
| 082 | _aFOR NOR 2010 B138 Or.1 | ||
| 100 | _aNORN, NARONG. | ||
| 245 | _aFloral diversity in krang serey communal forest site at kirvon commune, phnom srouch district, kampog speu province, សារព័ន្ធរុក្ខជាតិនៅក្នុងតំបន់ព្រៃសហគមន៏ក្រាំងសិរី នៅឃុំគីរីវ័ណ្ណ ស្រុកភ្នំស្រួច ខេត្តកំពង់ស្ពឺ | ||
| 260 |
_aPhnom Penh _bRUA _c2010 |
||
| 300 |
_axi; 47p. _bill. _c29cm. |
||
| 856 | _uhttps://drive.google.com/file/d/1yW7IUGezcy37eNlUS9BetDO-DxV6Kvae/view?usp=sharing | ||
| 942 | _cFOR | ||
| 999 |
_c3378 _d3378 |
||